<?xml version="1.0" encoding="UTF-8"?>
<record
    xmlns:xsi="http://www.w3.org/2001/XMLSchema-instance"
    xsi:schemaLocation="http://www.loc.gov/MARC21/slim http://www.loc.gov/standards/marcxml/schema/MARC21slim.xsd"
    xmlns="http://www.loc.gov/MARC21/slim">

  <leader>04542nam a2200301 a 4500</leader>
  <controlfield tag="001">000008904</controlfield>
  <controlfield tag="003">DO-SdBNP</controlfield>
  <controlfield tag="005">20221115115427.0</controlfield>
  <controlfield tag="008">090921s1979    dr  000 0 spa d</controlfield>
  <datafield tag="040" ind1=" " ind2=" ">
    <subfield code="a">DO-SdBNP</subfield>
    <subfield code="b">spa</subfield>
    <subfield code="c">BPMSU </subfield>
  </datafield>
  <datafield tag="082" ind1=" " ind2=" ">
    <subfield code="a">RD860.4</subfield>
    <subfield code="b">I37e 1979</subfield>
    <subfield code="2">22</subfield>
  </datafield>
  <datafield tag="100" ind1="1" ind2=" ">
    <subfield code="a">Incha&#xFA;stegui Cabral, H&#xE9;ctor,</subfield>
    <subfield code="d">1912-</subfield>
  </datafield>
  <datafield tag="245" ind1="1" ind2="0">
    <subfield code="a">Escritores y artistas dominicanos /</subfield>
    <subfield code="c">H&#xE9;ctor Incha&#xFA;stegui Cabral.</subfield>
  </datafield>
  <datafield tag="260" ind1=" " ind2=" ">
    <subfield code="a">Santiago de los Caballeros :</subfield>
    <subfield code="b">Universidad Cat&#xF3;lica Madre y Maestra ;,</subfield>
    <subfield code="c">1979</subfield>
  </datafield>
  <datafield tag="300" ind1=" " ind2=" ">
    <subfield code="a">494 p. ;</subfield>
    <subfield code="c">21 cm.</subfield>
  </datafield>
  <datafield tag="490" ind1="0" ind2=" ">
    <subfield code="a">Estudios</subfield>
  </datafield>
  <datafield tag="500" ind1=" " ind2=" ">
    <subfield code="a">Incluye datos biogr&#xE1;ficos del autor en la contracubierta</subfield>
  </datafield>
  <datafield tag="500" ind1=" " ind2=" ">
    <subfield code="a">Incluye &#xED;ndice</subfield>
  </datafield>
  <datafield tag="505" ind1="0" ind2=" ">
    <subfield code="t">Pr&#xF3;logo --</subfield>
    <subfield code="t">H&#xE9;ctor D&#xED;az, juglar y poeta --</subfield>
    <subfield code="t">"Origenes del Estado Haitiano", de Manuel A. Pe&#xF1;a Batlle --</subfield>
    <subfield code="t">Una biblioteca --</subfield>
    <subfield code="t">Una respuesta --</subfield>
    <subfield code="t">Pol&#xED;tica y pobreza --</subfield>
    <subfield code="t">Presentaci&#xF3;n de "Tras el v&#xF3;rtice de la Tormenta" de Carlos Curiel --</subfield>
    <subfield code="t">Francisca Pueyo y Roume --</subfield>
    <subfield code="t">Octavio Guzm&#xE1;n Carrtero --</subfield>
    <subfield code="t">Tom&#xE1;s Hern&#xE1;ndez Franco --</subfield>
    <subfield code="t">Santiago en "La casona ", de Rafael Andr&#xE9;s Brenes --</subfield>
    <subfield code="t">Guarionex --</subfield>
    <subfield code="t">Enriquillo --</subfield>
    <subfield code="t">Arrom y nuestra historia --La obra teatral de M&#xE1;ximo Avil&#xE9;s Blonda --</subfield>
    <subfield code="t">Cr&#xED;tica para extranjeros --</subfield>
    <subfield code="t">Marrero y la discriminaci&#xF3;n --</subfield>
    <subfield code="t">"Los humildes, de Federico Berm&#xFA;dez --</subfield>
    <subfield code="t">Ram&#xF3;n Francisco lee a Ram&#xF3;n Francisco --</subfield>
    <subfield code="t">Literatura e historia dominicanas (Notas para una conferencia ) --</subfield>
    <subfield code="t">Los poemas de Jorge Morel, Danilo de los Santos y Eduardo de Zayas --</subfield>
    <subfield code="t">"Literatura dominicna 60", de Ram&#xF3;n Francisco --</subfield>
    <subfield code="t">Homenaje a Ban&#xED; --</subfield>
    <subfield code="t">Coloquio sobre literatura dominicana --</subfield>
    <subfield code="t">A&#xED;da Cartagena Portalat&#xED;n, M&#xE1;ximo Avil&#xE9;s Blonda y Miguel Alfonseca --</subfield>
    <subfield code="t">"La moneda, la banca y las finanzas", dde Julio C. Estrella --</subfield>
    <subfield code="t">En el homenaje a los fundadores de la UCMM --</subfield>
    <subfield code="t">"La dominaci&#xF3;n haitiana ", de frank Moya Pons --</subfield>
    <subfield code="t">La raza banileja --</subfield>
    <subfield code="t">Arte y cultura en la UCMM --</subfield>
    <subfield code="t">Expo nueva imagen --</subfield>
    <subfield code="t">Pedro Mir --</subfield>
    <subfield code="t">Dos de las cien caras de "Yelid&#xE1;" --</subfield>
    <subfield code="t">Los egresados de la Universidad Cat&#xF3;lica Madre y Maestra --</subfield>
    <subfield code="t">La antolog&#xED;a panor&#xE1;mica --</subfield>
  </datafield>
  <datafield tag="505" ind1="0" ind2=" ">
    <subfield code="t">Respuestas a un cuestionario --</subfield>
    <subfield code="t">Universidad e investigaci&#xF3;n --</subfield>
    <subfield code="t">"Formulas para combatir el miedo", de Jeannette Miller --</subfield>
    <subfield code="t">"La problematica econ&#xF3;mica dominicana ", de Bernardo Vega --</subfield>
    <subfield code="t">Las publicaciones de la Universidad Cat&#xF3;lica Madre y Maestra --</subfield>
    <subfield code="t">Jaca cuenta cuentos --</subfield>
    <subfield code="t">La universidad m&#xE1;s all&#xE1; de las aulas --</subfield>
    <subfield code="t">Los "Poemas sorpresivos", de Apolinar N&#xFA;&#xF1;ez --</subfield>
    <subfield code="t">"Santos de palo y santeros dominicanos", de Carlos Dobal --</subfield>
    <subfield code="t">Los "Poemas" Carlos Dobal --</subfield>
    <subfield code="t">La poes&#xED;a sorprendida --</subfield>
    <subfield code="t">Manuel A. Pe&#xF1;a Batlle --</subfield>
    <subfield code="t">La poes&#xED;a dominicana en el siglo XX, de Alberto Baeza Flores --</subfield>
    <subfield code="t">"La vida escandalosa en Santo Domingo en los siglos XVII y XVIII --</subfield>
    <subfield code="t">H&#xE9;ctor Inch&#xE1;ustegui Cabral --</subfield>
    <subfield code="t">Fotograf&#xED;as de Arielli --</subfield>
    <subfield code="t">Seminario sobre gram&#xE1;tica generativa --</subfield>
    <subfield code="t">Manuel del Cabral y la poes&#xED;a Negra Dominicana --</subfield>
    <subfield code="t">Orlando Menicucci --</subfield>
    <subfield code="t">Ante la obra reunida del poeta M&#xE1;ximo Avil&#xE9;s Blonda --</subfield>
    <subfield code="t">Ante los egresados de la UCMM --</subfield>
    <subfield code="t">La "Historia colonial de Santo Domingo", de Frank Moya Ponsv--</subfield>
    <subfield code="t">"Por ahora", de Lupo Hern&#xB4;qndez Rueda --</subfield>
    <subfield code="t">Una exposici&#xF3;n en la UCMM --</subfield>
    <subfield code="t">Los negros y las trigue&#xF1;as en la poes&#xED;a dominicana --</subfield>
    <subfield code="t">Duarte en dos poemas de Ricardo P&#xE9;rez Alfonseca --</subfield>
    <subfield code="t">Pintura y pintores dominicanos --</subfield>
    <subfield code="t">Poes&#xED;a y cr&#xED;tica de la poes&#xED;a --</subfield>
    <subfield code="t">La obra de Monse&#xF1;or Agripino N&#xFA;&#xF1;ez Collado --</subfield>
    <subfield code="t">Poes&#xED;a y poetas --</subfield>
    <subfield code="t">Los artistas --</subfield>
    <subfield code="t">La palabra --</subfield>
    <subfield code="t">Escuelas --</subfield>
    <subfield code="t">Thania Pereyra --</subfield>
    <subfield code="t">Paul Giudicelli --</subfield>
    <subfield code="t">Texto literario y sociedad --</subfield>
    <subfield code="t">Arte chino --</subfield>
    <subfield code="t">Arte nuevo --</subfield>
    <subfield code="t">Clara Ledesma --</subfield>
    <subfield code="t">Walter Terrazas --</subfield>
    <subfield code="t">Fernando Belain --</subfield>
    <subfield code="t">Carmen Cebral y Soledad de Rojas --</subfield>
    <subfield code="t">Las escuelas de Bellas Artes --</subfield>
    <subfield code="t">Clara Ledesma y Walter Terrazas --</subfield>
    <subfield code="t">Eligio Pichardo --</subfield>
    <subfield code="t">Hern&#xE1;ndez Ortega retratista --</subfield>
    <subfield code="t">Fin de a&#xF1;o escolar --</subfield>
    <subfield code="t">Virgilio Garc&#xED;a --</subfield>
    <subfield code="t">Jacinto Gimbernard Fot&#xF3;grafo --</subfield>
    <subfield code="t">Rafael Lara Cintr&#xF3;n --</subfield>
    <subfield code="t">Franklin Dom&#xED;nguez --</subfield>
    <subfield code="t">Religi&#xF3;n, humanidades y arte en UCMM --</subfield>
    <subfield code="t">Discurso en la puesta en circulaci&#xF3;n de poemas de una sola angustia (Obra po&#xE9;tica completa)</subfield>
  </datafield>
  <datafield tag="505" ind1="0" ind2=" ">
    <subfield code="t">Discurso al recibir el Caonabo de Oro --</subfield>
    <subfield code="t">Ap&#xE9;ndice --</subfield>
    <subfield code="t">Discurso de Federico Henr&#xED;quez Gratereaux en la entrega del Caonabo de Oro --</subfield>
    <subfield code="t">A don H&#xE9;ctor Inch&#xE1;ustegui Cabral, por Manuel Rueda --</subfield>
    <subfield code="t">Est&#xE1;bamos por H&#xE9;ctor Inch&#xE1;ustegui Cabral, por Marcio Veloz Magiolo --</subfield>
    <subfield code="t">&#xCD;ndice de nombres.</subfield>
  </datafield>
  <datafield tag="590" ind1=" " ind2=" ">
    <subfield code="6">Inventariado, 2022/VM</subfield>
  </datafield>
  <datafield tag="650" ind1=" " ind2="4">
    <subfield code="a">Autores dominicanos</subfield>
    <subfield code="x">Cr&#xED;tica e interpretaci&#xF3;n.</subfield>
  </datafield>
  <datafield tag="650" ind1=" " ind2="4">
    <subfield code="a">Artistas dominicanos</subfield>
    <subfield code="x">Cr&#xED;tica e interpretaci&#xF3;n.</subfield>
  </datafield>
  <datafield tag="650" ind1=" " ind2="4">
    <subfield code="a">Literatura dominicana</subfield>
    <subfield code="x">Historia y cr&#xED;tica.</subfield>
  </datafield>
  <datafield tag="910" ind1=" " ind2=" ">
    <subfield code="a">VMateo V. /Validado </subfield>
  </datafield>
  <datafield tag="942" ind1=" " ind2=" ">
    <subfield code="2">ddc</subfield>
    <subfield code="c">BK</subfield>
  </datafield>
  <datafield tag="952" ind1=" " ind2=" ">
    <subfield code="0">0</subfield>
    <subfield code="1">0</subfield>
    <subfield code="2">ddc</subfield>
    <subfield code="4">0</subfield>
    <subfield code="7">0</subfield>
    <subfield code="8">CD</subfield>
    <subfield code="a">BPMET</subfield>
    <subfield code="b">BPMET</subfield>
    <subfield code="d">2022-11-15</subfield>
    <subfield code="l">0</subfield>
    <subfield code="o">BPMSU CD RD860.4 I37e 1979</subfield>
    <subfield code="p">BPMSU22110015</subfield>
    <subfield code="r">2022-11-15</subfield>
    <subfield code="w">2022-11-15</subfield>
    <subfield code="y">BK</subfield>
  </datafield>
  <datafield tag="999" ind1=" " ind2=" ">
    <subfield code="c">14329</subfield>
    <subfield code="d">14329</subfield>
  </datafield>
</record>
